00546cam a22001817a 450000500170000000800410001701000100005801100100006803500100007808200150008810000230010324500650012626000420019130000200023349000350025365000410028883000350032920220329141124.0971010c19861977 r 00010 d a62949 a63921 a68668 a638.6bR3y00aRandall, Robert W. 0aReal del monteb: Una empresa minera británica en México aMéxico, D. F. :bFCE,c1986 [c1977] a284 p.b: ilus. 0aSección de obras de historia14aMinas y recursos mineralesxHidalgo.0 aSección de obras de historia